[Event "GER Cup Net V1 U2400"]
[Site "Playchess.com INT"]
[Date "2020.05.19"]
[Round "5"]
[White "Bausch, Thomas"]
[Black "Boesch, Udo"]
[Result "0-1"]
[WhiteElo "1914"]
[BlackElo "1809"]
[PlyCount "52"]
[EventDate "2020.05.19"]
[EventType "swiss (blitz)"]
[EventRounds "9"]
[EventCountry "GER"]
[SourceTitle "EXT 2021"]
[Source "ChessBase"]
[SourceDate "2020.10.23"]
[SourceVersion "1"]
[SourceVersionDate "2020.10.23"]
[SourceQuality "1"]

1. f4 c5 2. Nf3 Nc6 3. g3 g6 4. Bg2 Bg7 5. 0-0 e6 6. e4 Nge7 7. c3 0-0 8. d4 cxd4 9. cxd4 d5 10. e5 Nf5 11. Nc3 a6 12. g4 Nfe7 13. Be3 b5 14. Rc1 Bb7 15. Ne2 Rc8 16. Ng3 Qb6 17. f5 exf5 18. gxf5 gxf5 19. Ng5 Nxe5 20. Rxc8 Bxc8 21. Re1 Ng4 22. Kh1 Ng6 23. Bxd5 h6 24. Nf3 f4 25. Qd3 Nxe3 26. Qxg6 Qxg6 0-1

[Event "GER Cup Net V1 U2400"]
[Site "Playchess.com INT"]
[Date "2020.05.19"]
[Round "3"]
[White "Loew, Gerald"]
[Black "Boesch, Udo"]
[Result "1-0"]
[WhiteElo "1979"]
[BlackElo "1809"]
[PlyCount "73"]
[EventDate "2020.05.19"]
[EventType "swiss (blitz)"]
[EventRounds "9"]
[EventCountry "GER"]
[SourceTitle "EXT 2021"]
[Source "ChessBase"]
[SourceDate "2020.10.23"]
[SourceVersion "1"]
[SourceVersionDate "2020.10.23"]
[SourceQuality "1"]

1. c4 f6 2. d4 e5 3. dxe5 fxe5 4. Nc3 Nf6 5. Nf3 Bb4 6. Bg5 0-0 7. e3 d6 8. Be2 Nc6 9. 0-0 Bxc3 10. bxc3 Be6 11. Qa4 h6 12. Bh4 Qd7 13. Rfd1 b6 14. Bg3 Na5 15. Qxd7 Nxd7 16. Nd2 Nc5 17. f4 exf4 18. exf4 Rae8 19. Bf3 Nxc4 20. Nxc4 Bxc4 21. a4 Re3 22. a5 Rxc3 23. axb6 axb6 24. Ra7 Rf7 25. Bh5 Re7 26. Bh4 Rd7 27. Be8 b5 28. Bxd7 Nxd7 29. Rxc7 Nc5 30. Rxd6 Ne4 31. Rd8+ Kh7 32. h3 Rc1+ 33. Kh2 Kg6 34. f5+ Kh5 35. Be7 Rc2 36. Rd4 Nd2 37. Rh4# 1-0

[Event "GER-ch Net Amateur Gr-A Vor3"]
[Site "Playchess.com INT"]
[Date "2020.04.16"]
[Round "7"]
[White "Boesch, Udo"]
[Black "Heerd, Thomas"]
[Result "0-1"]
[WhiteElo "1782"]
[BlackElo "1909"]
[PlyCount "126"]
[EventDate "2020.04.16"]
[EventType "swiss (blitz)"]
[EventRounds "9"]
[EventCountry "GER"]
[SourceTitle "CBM 195 Extra"]
[Source "ChessBase"]
[SourceDate "2020.05.31"]
[SourceVersion "1"]
[SourceVersionDate "2020.05.31"]
[SourceQuality "1"]

1. d4 d6 2. Nf3 Nf6 3. g3 g6 4. Bg2 Bg7 5. 0-0 0-0 6. b3 Nbd7 7. Bb2 e5 8. dxe5 Ng4 9. c4 Ngxe5 10. Nxe5 dxe5 11. Nc3 Re8 12. Qc2 c6 13. Rad1 Qc7 14. Ne4 Bf8 15. Qc3 Bg7 16. Rd2 Nf8 17. Rfd1 Be6 18. Nc5 Rad8 19. h3 Rxd2 20. Rxd2 b6 21. Ne4 c5 22. Qf3 f5 23. Ng5 e4 24. Qe3 h6 25. Bxg7 Kxg7 26. Qc3+ Kg8 27. Nxe6 Nxe6 28. Qf6 Qf7 29. Qxf7+ Kxf7 30. e3 Rd8 31. Rxd8 Nxd8 32. f3 exf3 33. Bxf3 Kf6 34. Kf2 Ke5 35. Ke2 Nf7 36. Kd3 Ng5 37. Bg2 Nf7 38. e4 f4 39. g4 h5 40. gxh5 gxh5 41. Bf3 h4 42. a4 Ng5 43. Bg2 f3 44. Bf1 Kf4 45. e5 Kxe5 46. Ke3 a5 47. Bd3 Nxh3 48. Kxf3 Nf4 49. Bf1 Ng6 50. Kg4 Kd4 51. Kg5 Ne5 52. Kxh4 Kc3 53. Kg5 Kxb3 54. Kf5 Nxc4 55. Ke4 Nb2 56. Kd5 Nxa4 57. Kc6 c4 58. Kb5 c3 59. Be2 c2 60. Bc4+ Ka3 61. Bb3 c1Q 62. Bxa4 Qc5+ 63. Ka6 Kxa4 0-1

[Event "Wiesbaden op 28th"]
[Site "Wiesbaden"]
[Date "2016.08.27"]
[Round "5"]
[White "Boesch, Udo"]
[Black "Krastev, Alexander"]
[Result "1-0"]
[WhiteElo "2101"]
[BlackElo "1924"]
[PlyCount "87"]
[EventDate "2016.08.25"]
[EventType "swiss"]
[EventRounds "7"]
[EventCountry "GER"]
[SourceTitle "CBM 174 Extra"]
[Source "ChessBase"]
[SourceDate "2016.10.10"]
[SourceVersion "1"]
[SourceVersionDate "2016.10.10"]
[SourceQuality "1"]

1. d4 Nf6 2. Nf3 e6 3. g3 c5 4. Bg2 cxd4 5. Nxd4 Nc6 6. 0-0 Be7 7. b3 0-0 8. Bb2 Rb8 9. c4 Nxd4 10. Qxd4 b6 11. Nd2 Bb7 12. e4 d6 13. Rfd1 Ne8 14. Nf1 Qc7 15. Rac1 Bf6 16. Qd2 Bxb2 17. Qxb2 Nf6 18. Qe2 Qe7 19. Rc2 Rfd8 20. Rcd2 Rbc8 21. h3 h6 22. Nh2 Qc7 23. Ng4 Nxg4 24. Qxg4 Qc5 25. Qf4 e5 26. Qh4 Kf8 27. g4 f6 28. Qh5 a5 29. h4 Bc6 30. g5 Be8 31. Qf3 Ke7 32. Rd5 Qc7 33. Bh3 Rb8 34. Qf5 Bf7 35. R5d3 hxg5 36. hxg5 Rd7 37. Qxd7+ Qxd7 38. Bxd7 Kxd7 39. Rxd6+ Ke7 40. gxf6+ gxf6 41. Rd7+ Ke8 42. R1d6 a4 43. Ra7 axb3 44. axb3 1-0

[Event "Wiesbaden op 28th"]
[Site "Wiesbaden"]
[Date "2016.08.26"]
[Round "3"]
[White "Boesch, Udo"]
[Black "Carlstedt, Jonathan"]
[Result "1/2-1/2"]
[WhiteElo "2101"]
[BlackElo "2450"]
[PlyCount "74"]
[EventDate "2016.08.25"]
[EventType "swiss"]
[EventRounds "7"]
[EventCountry "GER"]
[SourceTitle "CBM 174 Extra"]
[Source "ChessBase"]
[SourceDate "2016.10.10"]
[SourceVersion "1"]
[SourceVersionDate "2016.10.10"]
[SourceQuality "1"]

1. d4 Nf6 2. Nf3 e6 3. g3 b5 4. Bg2 Bb7 5. 0-0 Be7 6. b3 0-0 7. Bb2 c5 8. Nbd2 d5 9. c4 dxc4 10. bxc4 b4 11. dxc5 Nbd7 12. a3 bxa3 13. Bxa3 Nxc5 14. Nb3 Nfe4 15. Qc2 Qc7 16. Nxc5 Bxc5 17. Bxc5 Nxc5 18. Ng5 f5 19. Bxb7 Qxb7 20. Ra5 Rfc8 21. Qc3 Qc7 22. Rfa1 h6 23. Nf3 a6 24. R5a3 Ne4 25. Qe5 Qxc4 26. Nd4 Re8 27. Ra4 Qc8 28. Ra5 Ng5 29. h4 Nf7 30. Qc5 Qb7 31. Qc6 Qb2 32. Rxa6 Rac8 33. Qa4 Ne5 34. Ra7 Qb6 35. Ra6 Qb2 36. Ra7 Qb6 37. Ra6 Qb2 1/2-1/2

[Event "Wiesbaden op 28th"]
[Site "Wiesbaden"]
[Date "2016.08.25"]
[Round "1"]
[White "Boesch, Udo"]
[Black "Rapp, Matthias"]
[Result "1-0"]
[WhiteElo "2101"]
[BlackElo "1728"]
[PlyCount "91"]
[EventDate "2016.08.25"]
[EventType "swiss"]
[EventRounds "7"]
[EventCountry "GER"]
[SourceTitle "CBM 174 Extra"]
[Source "ChessBase"]
[SourceDate "2016.10.10"]
[SourceVersion "1"]
[SourceVersionDate "2016.10.10"]
[SourceQuality "1"]

1. d4 d5 2. Nf3 Nf6 3. g3 Bf5 4. Bg2 h6 5. 0-0 e6 6. b3 Nbd7 7. Bb2 Be7 8. Nbd2 0-0 9. c4 c6 10. Re1 Ne4 11. a3 Bh7 12. b4 Rc8 13. Qb3 f5 14. e3 h5 15. Rad1 h4 16. Ne5 Ndf6 17. Nb1 hxg3 18. hxg3 Qe8 19. c5 Qh5 20. Rc1 Ng5 21. Qd1 Nh3+ 22. Bxh3 Qxh3 23. Qf3 Ne4 24. Qg2 Qh5 25. Qh2 Qe8 26. f3 Ng5 27. Nd2 Rf6 28. Kf2 Rh6 29. Qg2 Bf6 30. Rh1 Bxe5 31. Rxh6 gxh6 32. dxe5 Qg6 33. Rh1 f4 34. gxf4 Qc2 35. Bc1 d4 36. exd4 Qd3 37. fxg5 Qxd4+ 38. Ke1 Qxe5+ 39. Kd1 hxg5 40. Rg1 Qc3 41. Qxg5+ Kh8 42. Ne4 Qd4+ 43. Bd2 Rg8 44. Qf6+ Qxf6 45. Rxg8+ Bxg8 46. Nxf6 1-0

[Event "Verbandsliga Suedbaden 1516"]
[Site "Baden"]
[Date "2016.03.20"]
[Round "8.2"]
[White "Metz, Hartmut"]
[Black "Boesch, Udo"]
[Result "1-0"]
[WhiteElo "2326"]
[BlackElo "2101"]
[PlyCount "95"]
[EventDate "2015.09.27"]
[EventType "team-tourn"]
[EventRounds "9"]
[EventCountry "GER"]
[SourceTitle "EXT 2022"]
[Source "ChessBase"]
[SourceDate "2021.10.06"]
[SourceVersion "1"]
[SourceVersionDate "2021.10.06"]
[SourceQuality "1"]
[WhiteTeam "Kuppenheim"]
[BlackTeam "Ebringen"]
[WhiteTeamCountry "GER"]
[BlackTeamCountry "GER"]

1. e4 c6 2. d4 d5 3. Nc3 dxe4 4. Nxe4 Nf6 5. Nxf6+ gxf6 6. c3 Qd5 7. Be3 h5 8. Ne2 Bh6 9. Bxh6 Rxh6 10. Qd2 Rh8 11. Nf4 Qe4+ 12. Be2 Bf5 13. 0-0 e5 14. Bd3 Qxf4 15. Qxf4 exf4 16. Bxf5 Na6 17. Rfe1+ Kd8 18. Re4 f3 19. Rae1 Kc7 20. Re7+ Kb6 21. a4 Rab8 22. b4 Rhd8 23. Bd3 Nxb4 24. Rb1 a5 25. Be4 Ka6 26. cxb4 Rxd4 27. b5+ cxb5 28. axb5+ Kb6 29. Bxf3 a4 30. Bxh5 a3 31. Bxf7 Rd2 32. g3 a2 33. Bxa2 Rxa2 34. Re6+ Kc5 35. Rxf6 Re8 36. Rf5+ Kb6 37. h4 Rd2 38. Kg2 Re6 39. Rb3 Ree2 40. h5 Re1 41. Kh3 Rh1+ 42. Kg4 Rd4+ 43. f4 Rd8 44. Re3 Rh8 45. Re6+ Ka5 46. Rfe5 b6 47. Rg6 Rh7 48. h6 1-0

[Event "Verbandsliga Suedbaden 1516"]
[Site "Baden"]
[Date "2015.11.22"]
[Round "3.2"]
[White "Brennenstuhl, Oliver"]
[Black "Boesch, Udo"]
[Result "1/2-1/2"]
[WhiteElo "2048"]
[BlackElo "2101"]
[PlyCount "127"]
[EventDate "2015.09.27"]
[EventType "team-tourn"]
[EventRounds "9"]
[EventCountry "GER"]
[SourceTitle "EXT 2022"]
[Source "ChessBase"]
[SourceDate "2021.10.06"]
[SourceVersion "1"]
[SourceVersionDate "2021.10.06"]
[SourceQuality "1"]
[WhiteTeam "Lahr"]
[BlackTeam "Ebringen"]
[WhiteTeamCountry "GER"]
[BlackTeamCountry "GER"]

1. d4 d5 2. c4 e6 3. Nc3 Nf6 4. cxd5 exd5 5. Bg5 Be7 6. e3 c6 7. Bd3 Nbd7 8. Qc2 h6 9. Bf4 Nh5 10. Bg3 Nxg3 11. hxg3 Nf6 12. Nf3 Qa5 13. Ne5 Ng4 14. Nxg4 Bxg4 15. Bf5 Bxf5 16. Qxf5 0-0 17. g4 Rfe8 18. Kf1 Qb4 19. Rb1 Rad8 20. Kg1 Qc4 21. Qc2 c5 22. b3 Qa6 23. dxc5 Bxc5 24. g5 Bf8 25. gxh6 gxh6 26. Ne2 Rc8 27. Qd2 Bg7 28. Rd1 Red8 29. Nd4 Rd6 30. Nf5 Re6 31. Rh3 Rce8 32. Rg3 Rg6 33. Rxg6 Qxg6 34. Qxd5 Bf6 35. Qf3 Re5 36. e4 Rc5 37. Qe3 Rc2 38. Rd6 Kh7 39. Ng3 Bg5 40. Rxg6 Bxe3 41. Rf6 Bb6 42. a4 Kg8 43. Rf3 Rb2 44. Nf5 Kh7 45. g3 Kg6 46. Nd6 f6 47. Nxb7 Rb1+ 48. Kg2 Re1 49. Nd6 Bc5 50. Nc4 Rxe4 51. Kf1 h5 52. Rd3 Re7 53. Rd5 Bb4 54. Ne3 Rc7 55. Ke2 Rc3 56. Rd3 Rc1 57. Kf3 Rb1 58. Ke4 Rb2 59. f3 Be1 60. Kf4 Re2 61. Nf1 Rf2 62. Ne3 Re2 63. Nf1 Rf2 64. Ne3 1/2-1/2

[Event "Verbandsliga Suedbaden 1516"]
[Site "Baden"]
[Date "2015.09.27"]
[Round "1.2"]
[White "Schlindwein, Rolf"]
[Black "Boesch, Udo"]
[Result "1/2-1/2"]
[WhiteElo "2410"]
[BlackElo "2101"]
[PlyCount "79"]
[EventDate "2015.09.27"]
[EventType "team-tourn"]
[EventRounds "9"]
[EventCountry "GER"]
[SourceTitle "EXT 2022"]
[Source "ChessBase"]
[SourceDate "2021.10.06"]
[SourceVersion "1"]
[SourceVersionDate "2021.10.06"]
[SourceQuality "1"]
[WhiteTeam "Baden Baden IV"]
[BlackTeam "Ebringen"]
[WhiteTeamCountry "GER"]
[BlackTeamCountry "GER"]

1. e4 c5 2. Nc3 a6 3. g3 Nc6 4. Bg2 g6 5. d3 Bg7 6. Be3 d6 7. Qd2 Rb8 8. f4 e6 9. Nf3 Nd4 10. Nh4 Ne7 11. Nd1 Bd7 12. c3 Ndc6 13. 0-0 f5 14. Nf2 Qa5 15. a3 0-0 16. b4 cxb4 17. axb4 Qc7 18. Ra3 e5 19. Nf3 Rbd8 20. Qa2+ Kh8 21. Ng5 Qc8 22. exf5 Bxf5 23. Bb6 Rde8 24. Nfe4 Qd7 25. fxe5 Nxe5 26. d4 Bxe4 27. Rxf8+ Rxf8 28. Nxe4 Nf3+ 29. Bxf3 Rxf3 30. Ng5 Rf6 31. Nf7+ Kg8 32. Ne5+ Qe6 33. Bd8 dxe5 34. Bxe7 Qxa2 35. Rxa2 Re6 36. Bc5 exd4 37. cxd4 Kf7 38. d5 Re1+ 39. Kg2 Rd1 40. Re2 1/2-1/2

[Event "Basel op"]
[Site "Basel"]
[Date "2014.01.02"]
[Round "3"]
[White "Andersen, Alf Roger"]
[Black "Boesch, Udo"]
[Result "1-0"]
[WhiteElo "2232"]
[BlackElo "2081"]
[PlyCount "129"]
[EventDate "2014.01.01"]
[EventType "swiss"]
[EventRounds "7"]
[EventCountry "SUI"]
[SourceTitle "CBM 158 Extra"]
[Source "ChessBase"]
[SourceDate "2014.02.28"]
[SourceVersion "1"]
[SourceVersionDate "2014.02.28"]
[SourceQuality "1"]

1. e4 c5 2. Nf3 d6 3. d4 cxd4 4. Nxd4 Nf6 5. f3 a6 6. c4 e6 7. Nc3 Be7 8. Be3 Bd7 9. Bd3 Nc6 10. Nc2 Qc7 11. Rc1 Ne5 12. Nd4 Nxd3+ 13. Qxd3 0-0 14. 0-0 Rac8 15. b3 Rfd8 16. Rfd1 Qa5 17. Kh1 Be8 18. Bd2 Qh5 19. Nde2 g5 20. Ng3 Qg6 21. Qe3 Nh5 22. Nxh5 Qxh5 23. Ne2 Bc6 24. Bc3 f6 25. Nd4 Qf7 26. Rd3 b5 27. Ba5 Re8 28. Nxc6 Rxc6 29. cxb5 Rxc1+ 30. Qxc1 axb5 31. Qc6 Rb8 32. Qd7 Bf8 33. Qxf7+ Kxf7 34. Rc3 Rb7 35. Rc7+ Rxc7 36. Bxc7 Ke7 37. a4 bxa4 38. bxa4 Kd7 39. Ba5 Be7 40. Kg1 Kc6 41. Bb4 Bd8 42. Kf2 Bb6+ 43. Ke2 Bd8 44. g4 Be7 45. Kd3 Kb6 46. Kc4 Ka6 47. Be1 Bd8 48. Bg3 Be7 49. h4 h6 50. h5 Ka5 51. Kb3 Ka6 52. f4 gxf4 53. Bxf4 Bf8 54. Bd2 Kb6 55. Kc4 Ka6 56. Bc3 Be7 57. a5 Bf8 58. Bd2 Bg7 59. Kb4 Bf8 60. Ka4 d5 61. exd5 exd5 62. Be3 d4 63. Bxd4 Bd6 64. Bxf6 Bf4 65. g5 1-0

[Event "Baden-ch op U2000 "]
[Site "Emmendingen"]
[Date "2012.06.09"]
[Round "4"]
[White "Grunau, Christoph"]
[Black "Boesch, Udo"]
[Result "1-0"]
[WhiteElo "1927"]
[BlackElo "2081"]
[PlyCount "169"]
[EventDate "2012.06.07"]
[EventType "swiss"]
[EventRounds "7"]
[EventCountry "GER"]
[SourceTitle "EXT 2013"]
[Source "ChessBase"]
[SourceDate "2012.11.22"]
[SourceVersion "1"]
[SourceVersionDate "2012.11.22"]
[SourceQuality "1"]

1. e4 g6 2. d4 Bg7 3. Nc3 c5 4. Nf3 cxd4 5. Nxd4 Nc6 6. Be3 d6 7. Qd2 Nf6 8. f3 Bd7 9. 0-0-0 Rc8 10. Be2 Ne5 11. Bh6 Bxh6 12. Qxh6 Nc4 13. Nd5 Nxd5 14. exd5 Qa5 15. Qg7 Rf8 16. Bxc4 Rxc4 17. Rhe1 Qxa2 18. Qf6 Be6 19. Qf4 Qa1+ 20. Kd2 Qxb2 21. Ke2 Bxd5 22. Kf1 e5 23. Qe3 Rc3 24. Qd2 Ra3 25. Ne2 Qb5 26. Qxd5 Qxd5 27. Rxd5 Ke7 28. Red1 Rd8 29. R5d3 Ra2 30. R1d2 Ke6 31. Nc3 Ra5 32. Nd5 Rc5 33. Ne3 f5 34. g3 d5 35. Ke2 b5 36. f4 e4 37. Ra3 Rd6 38. Rd4 a6 39. Kd2 Rdc6 40. h3 Rd6 41. Kc1 Rdc6 42. Kb2 h5 43. c3 Rd6 44. Rd1 Rb6 45. Nc2 b4 46. cxb4 a5 47. Nd4+ Kf6 48. b5 g5 49. Rxa5 h4 50. fxg5+ Kxg5 51. gxh4+ Kxh4 52. Nxf5+ Kxh3 53. Nd4 Kg3 54. Ra3+ Kf4 55. Rc3 Rcxb5+ 56. Nxb5 Rxb5+ 57. Kc2 Ke5 58. Rc8 Ra5 59. Re8+ Kf4 60. Re1 Ra3 61. Kd2 Rd3+ 62. Kc2 Ra3 63. Rf8+ Ke5 64. Rd1 Ra5 65. Kc3 Rc5+ 66. Kb4 Rc4+ 67. Kb3 Rc5 68. Re8+ Kf4 69. Kb4 Rc4+ 70. Kb5 e3 71. Rf1+ Kg3 72. Rg8+ Kh2 73. Rf7 Rh4 74. Rf1 Rc4 75. Re1 Rc3 76. Kb4 d4 77. Rd8 Kg2 78. Rxd4 Rc8 79. Re4 Kf2 80. R4xe3 Rb8+ 81. Kc5 Rc8+ 82. Kd6 Rd8+ 83. Kc7 Rd2 84. Re7 Rc2+ 85. Kd8 1-0

[Event "Baden-ch op U2000 "]
[Site "Emmendingen"]
[Date "2012.06.08"]
[Round "2"]
[White "Neuner, Johannes"]
[Black "Boesch, Udo"]
[Result "1/2-1/2"]
[WhiteElo "1989"]
[BlackElo "2081"]
[PlyCount "68"]
[EventDate "2012.06.07"]
[EventType "swiss"]
[EventRounds "7"]
[EventCountry "GER"]
[SourceTitle "EXT 2013"]
[Source "ChessBase"]
[SourceDate "2012.11.22"]
[SourceVersion "1"]
[SourceVersionDate "2012.11.22"]
[SourceQuality "1"]

1. d4 g6 2. c4 Bg7 3. Nf3 c5 4. d5 e5 5. Nc3 d6 6. g3 Ne7 7. Bg2 0-0 8. 0-0 Na6 9. Ne1 f5 10. e4 Nc7 11. Nd3 b6 12. a4 a5 13. f4 Rb8 14. fxe5 dxe5 15. Bg5 Qd6 16. Qd2 Ba6 17. b3 Rbe8 18. Rae1 Kh8 19. Rf3 Ng8 20. Ref1 Bc8 21. Bh3 Nf6 22. Qe1 Nxe4 23. Nxe4 fxe4 24. Rxf8+ Rxf8 25. Bxc8 exd3 26. Bh3 h6 27. Bd2 Na6 28. Qe4 Kh7 29. Qxd3 Rxf1+ 30. Qxf1 Nb4 31. Qf7 Nd3 32. Be6 Qf8 33. Qxf8 Bxf8 34. Kf1 Bd6 1/2-1/2

[Event "Wiesbaden op 23rd"]
[Site "Wiesbaden"]
[Date "2011.08.28"]
[Round "7"]
[White "Boesch, Udo"]
[Black "Larem, Peter"]
[Result "1-0"]
[WhiteElo "2071"]
[BlackElo "1914"]
[PlyCount "77"]
[EventDate "2011.08.25"]
[EventType "swiss"]
[EventRounds "7"]
[EventCountry "GER"]
[SourceTitle "CBM 144 Extra"]
[Source "ChessBase"]
[SourceDate "2011.10.28"]
[SourceVersion "1"]
[SourceVersionDate "2011.10.28"]
[SourceQuality "1"]

1. c4 e5 2. Nc3 Bb4 3. g3 Nf6 4. Bg2 0-0 5. a3 Bxc3 6. bxc3 c6 7. d4 d6 8. e3 Re8 9. Ne2 Bg4 10. d5 cxd5 11. cxd5 Nbd7 12. f3 Bh5 13. e4 Nc5 14. Be3 Nfd7 15. g4 Bg6 16. Ng3 Qa5 17. Ne2 Nb6 18. 0-0 Nc4 19. Bf2 Rac8 20. Qc2 Na4 21. Rfb1 Ncb6 22. Rb4 Nc5 23. Qd1 Nca4 24. Be1 Qc5+ 25. Kh1 Qe3 26. Bd2 Qf2 27. Ra2 Rc4 28. Nc1 Rec8 29. Nd3 Qh4 30. Rxc4 Rxc4 31. Rc2 Nxd5 32. Be1 Ne3 33. Qe2 Qg5 34. Bd2 Nxc3 35. Qxe3 Qxe3 36. Bxe3 d5 37. Nxe5 dxe4 38. Nxc4 exf3 39. Rxc3 1-0

[Event "Wiesbaden op 23rd"]
[Site "Wiesbaden"]
[Date "2011.08.27"]
[Round "5"]
[White "Boesch, Udo"]
[Black "Barisch, Florian"]
[Result "1/2-1/2"]
[WhiteElo "2071"]
[BlackElo "1954"]
[PlyCount "56"]
[EventDate "2011.08.25"]
[EventType "swiss"]
[EventRounds "7"]
[EventCountry "GER"]
[SourceTitle "CBM 144 Extra"]
[Source "ChessBase"]
[SourceDate "2011.10.28"]
[SourceVersion "1"]
[SourceVersionDate "2011.10.28"]
[SourceQuality "1"]

1. c4 c6 2. g3 d5 3. Bg2 Nf6 4. b3 Bf5 5. Nf3 e6 6. 0-0 Bd6 7. Bb2 Nbd7 8. d4 0-0 9. Nbd2 h6 10. Re1 Bh7 11. Ne5 Qc7 12. f4 Qd8 13. e3 Qe7 14. h3 Bb4 15. Rf1 Bxd2 16. Qxd2 Ne4 17. Bxe4 Bxe4 18. Nxd7 Qxd7 19. Kh2 Qe7 20. a4 Qc7 21. Rfc1 Rac8 22. c5 Kh7 23. b4 a6 24. a5 Qd7 25. Rg1 Rg8 26. Qf2 Qc7 27. Bc3 Rcd8 28. Rgd1 Rh8 1/2-1/2

[Event "Wiesbaden op 23rd"]
[Site "Wiesbaden"]
[Date "2011.08.26"]
[Round "2"]
[White "Meijers, Viesturs"]
[Black "Boesch, Udo"]
[Result "1-0"]
[WhiteElo "2492"]
[BlackElo "2071"]
[PlyCount "59"]
[EventDate "2011.08.25"]
[EventType "swiss"]
[EventRounds "7"]
[EventCountry "GER"]
[SourceTitle "CBM 144 Extra"]
[Source "ChessBase"]
[SourceDate "2011.10.28"]
[SourceVersion "1"]
[SourceVersionDate "2011.10.28"]
[SourceQuality "1"]

1. d4 d5 2. e3 g6 3. b3 Bg7 4. Bb2 Nf6 5. Nf3 0-0 6. c4 c6 7. Be2 Nbd7 8. 0-0 Ne4 9. a3 Re8 10. Qc2 e6 11. Rc1 Ndf6 12. Bd3 Nd6 13. Nbd2 Bh6 14. h3 Nd7 15. b4 a6 16. a4 Rb8 17. b5 Nf5 18. Ba3 Bg7 19. Rab1 h6 20. cxd5 cxd5 21. g4 Nh4 22. Qc7 Nxf3+ 23. Nxf3 Qxc7 24. Rxc7 e5 25. bxa6 bxa6 26. Rxb8 Nxb8 27. Nxe5 Bxe5 28. dxe5 Bd7 29. a5 Rc8 30. Bd6 1-0

[Event "Verbandsliga Sued Baden 0607"]
[Site "Germany"]
[Date "2006.12.17"]
[Round "4.3"]
[White "Boesch, Udo"]
[Black "Polard, Gaetan"]
[Result "1/2-1/2"]
[WhiteElo "2030"]
[BlackElo "2222"]
[PlyCount "106"]
[EventDate "2006.10.22"]
[EventType "team"]
[EventRounds "9"]
[EventCountry "GER"]
[SourceTitle "EXT 2008"]
[Source "ChessBase"]
[SourceDate "2007.11.25"]
[SourceVersion "1"]
[SourceVersionDate "2007.11.25"]
[SourceQuality "1"]
[WhiteTeam "Ebringen"]
[BlackTeam "Lahr"]
[WhiteTeamCountry "GER"]
[BlackTeamCountry "GER"]

1. d4 d5 2. Nf3 Nf6 3. g3 c6 4. Bg2 Bf5 5. 0-0 e6 6. b3 Nbd7 7. Bb2 Be7 8. Nbd2 0-0 9. c4 h6 10. Ne5 Rc8 11. Re1 Qc7 12. f3 Nxe5 13. dxe5 Nd7 14. f4 Rfd8 15. Qc1 Nc5 16. h3 Ne4 17. Nxe4 Bxe4 18. Bxe4 dxe4 19. Qc2 Qb6+ 20. Kg2 Qe3 21. Qc3 Bc5 22. Qxe3 Bxe3 23. Red1 Kf8 24. Ba3+ c5 25. Rab1 Ke8 26. Bb2 Rxd1 27. Rxd1 Rd8 28. Rxd8+ Kxd8 29. Kf1 h5 30. Bc3 Kd7 31. Be1 Kc6 32. Bf2 Bd2 33. e3 b5 34. Ke2 Bb4 35. g4 hxg4 36. hxg4 bxc4 37. bxc4 Kb6 38. Kd1 Ka5 39. Kc2 Ka4 40. Kb2 g5 41. fxg5 a6 42. Bg1 Be1 43. a3 Bg3 44. Ka2 Bxe5 45. Bf2 Bc3 46. Bg1 Be1 47. Kb2 Bg3 48. g6 fxg6 49. Ka2 g5 50. Kb2 Ka5 51. Kb3 Kb6 52. Kc2 Kc6 53. Kd2 Kb6 1/2-1/2